Cambodge, vers de nouvelles tragédies? : (Record no. 14471)

000 -LEADER
fixed length control field 00402cam a2200145 a 4500
020 ## - INTERNATIONAL STANDARD BOOK NUMBER
ISBN 2747592391
040 ## - CATALOGING SOURCE
Transcribing agency DLC
082 00 - DEWEY DECIMAL CLASSIFICATION NUMBER
Classification number 959 HAR 2005 A103 Co.
100 1# - MAIN ENTRY--AUTHOR NAME
Personal name Luken-Roze, Dominique.
245 10 - TITLE STATEMENT
Title Cambodge, vers de nouvelles tragédies? :
Remainder of title actualité du génocide /
260 ## - PUBLICATION, DISTRIBUTION, ETC. (IMPRINT)
Place of publication Paris, France :
Name of publisher L'Harmattan,
Year of publication c2005.
300 ## - PHYSICAL DESCRIPTION
Number of Pages 252 p. :
Other physical details map ;
Dimensions 22 cm.
650 #0 - SUBJECT ADDED ENTRY--TOPICAL TERM
Topical Term Genocide
942 ## - ADDED ENTRY ELEMENTS (KOHA)
Koha item type សៀវភៅភាសាអង់គ្លេស
952 ## - LOCATION AND ITEM INFORMATION (KOHA)
Withdrawn status [LOCAL, KOHA] 0
Holdings
Permanent Location Date acquired Koha item type Lost status Shelving location Barcode Current Location Full call number
Library Block A2017-10-17សៀវភៅភាសាអង់គ្លេស A103A18623Library Block A959 HAR 2005 A103 Co.
មជ្ឈមណ្ឌលឯការនៃសាកលវិទ្យាល័យភូមិន្ទកសិកម្មចំការដូង

Powered by Koha